特朗普于2025年4月3日“解放日”新闻发布会展示的关税展板名单 - LIBERATION DAY RECIPROCAL TARIFFS - Statistics

General Stats
  • This quiz has been taken 24 times
  • The average score is 29 of 50
Answer Stats
关税 国家或地区全称 % Correct
34% 中华人民共和国
100%
24% 日本国
100%
25% 大韩民国
100%
10% 巴西联邦共和国
89%
46% 越南社会主义共和国
84%
26% 印度共和国
84%
36% 泰王国
84%
10% 大不列颠及北爱尔兰联合王国
84%
10% 智利共和国
84%
10% 澳大利亚联邦
84%
10% 阿根廷共和国
84%
32% 中国台湾省
79%
24% 马来西亚联邦
79%
30% 南非共和国
79%
10% 新加坡共和国
79%
10% 土耳其共和国
79%
10% 新西兰
79%
10% 沙特阿拉伯王国
79%
10% 阿拉伯埃及共和国
74%
32% 印度尼西亚共和国
68%
29% 巴基斯坦伊斯兰共和国
68%
17% 菲律宾共和国
63%
10% 哥伦比亚共和国
63%
44% 缅甸联邦共和国
63%
48% 老挝人民民主共和国
63%
49% 柬埔寨王国
58%
27% 哈萨克斯坦共和国
58%
20% 欧洲联盟
53%
17% 以色列国
53%
10% 秘鲁共和国
53%
15% 挪威王国
53%
10% 阿拉伯联合酋长国
53%
10% 摩洛哥王国
53%
31% 瑞士联邦
47%
44% 斯里兰卡民主社会主义共和国
47%
37% 塞尔维亚共和国
47%
37% 孟加拉人民共和国
42%
10% 厄瓜多尔共和国
42%
10% 哥斯达黎加共和国
37%
10% 危地马拉共和国
32%
18% 尼加拉瓜共和国
26%
28% 突尼斯共和国
26%
10% 洪都拉斯共和国
21%
47% 马达加斯加共和国
21%
10% 萨尔瓦多共和国
21%
20% 约旦哈希姆王国
16%
10% 多米尼加共和国
16%
10% 特立尼达和多巴哥共和国
11%
21% 科特迪瓦共和国
0%
37% 博茨瓦纳共和国
0%
No matching quizzes found
Score Distribution
Percent of People with Each Score
Percentile by Number Answered
Your Score History
You have not taken this quiz